It looks like you're offline.
Open Library logo
additional options menu

MARC Record from Library of Congress

Record ID marc_loc_2016/BooksAll.2016.part26.utf8:72432548:835
Source Library of Congress
Download Link /show-records/marc_loc_2016/BooksAll.2016.part26.utf8:72432548:835?format=raw

LEADER: 00835cam a2200241 a 4500
001 97044874
003 DLC
005 20080126085049.0
008 971022r19981997meu d 000 1 eng
010 $a 97044874
020 $a0786207582 (U.S. : hardcover : Western series ed.)
020 $a0754032361 (U.K. : hardcover : Chivers large print)
020 $a075403237X (U.K. : softcover : Camden large print)
040 $aDLC$cDLC$dDLC$dOCoLC$dDLC
050 10 $aPS3566.A34$bW48 1998
082 00 $a813/.54$221
100 1 $aPaine, Lauran.
245 14 $aThe white bird /$cby Lauran Paine.
260 $aThorndike, Me. :$bThorndike Press ;$aBath, England :$bChivers Press,$c1998.
300 $a296 p. (large print) ;$c23 cm.
440 0 $aThorndike large print Western series
650 0 $aLarge type books.
655 7 $aWestern stories.$2gsafd